La cuestión de la neutralidad española e Italia (1939-1943)

Elmentve itt :
Bibliográfiai részletek
Szerző: Katona Eszter
Dokumentumtípus: Cikk
Megjelent: 2002
Sorozat:ACTA HISPANICA - ACTA UNIVERSITATIS SZEGEDIENSIS DE ATTILA JÓZSEF NOMINATAE 7
Tárgyszavak:
mtmt:2001943
Online Access:http://publicatio.bibl.u-szeged.hu/5512
LEADER 00703nab a2200193 i 4500
001 publ5512
005 20220803121358.0
008 150915s2002 hu o 0|| zxx d
022 |a 1416-7263 
024 7 |a 2001943  |2 mtmt 
040 |a SZTE Publicatio Repozitórium  |b hun 
041 |a zxx 
100 1 |a Katona Eszter 
245 1 3 |a La cuestión de la neutralidad española e Italia (1939-1943)  |h [elektronikus dokumentum] /  |c  Katona Eszter 
260 |c 2002 
300 |a 59-75 
490 0 |a ACTA HISPANICA - ACTA UNIVERSITATIS SZEGEDIENSIS DE ATTILA JÓZSEF NOMINATAE  |v 7 
650 4 |a Történettudomány és régészet 
856 4 0 |u http://publicatio.bibl.u-szeged.hu/5512/8/hispanica_007_59-75.pdf  |z Dokumentum-elérés